[Event "AUT-ch U10"]
[Site "St Kanzian"]
[Date "2017.06.16"]
[Round "2.12"]
[White "Narankhuu, Gan Erdene"]
[Black "Lackner, Jonas"]
[Result "0-1"]
[WhiteElo "1044"]
[BlackElo "817"]
[PlyCount "122"]
[EventDate "2017.06.16"]
[EventType "swiss"]
[EventRounds "7"]
[EventCountry "AUT"]
[SourceTitle "EXT 2024"]
[Source "ChessBase"]
[SourceDate "2023.10.10"]
[SourceVersion "1"]
[SourceVersionDate "2023.10.10"]
[SourceQuality "1"]

1. e4 Nc6 2. Nf3 e5 3. Nc3 Nf6 4. Bc4 Nd4 5. Ng5 Ne6 6. d3 Nxg5 7. Bxg5 Bb4 8. a3 Bxc3+ 9. bxc3 d6 10. h3 0-0 11. 0-0 c6 12. d4 exd4 13. cxd4 b5 14. Bb3 a5 15. a4 Be6 16. e5 dxe5 17. dxe5 Qxd1 18. Raxd1 Bxb3 19. cxb3 Ne4 20. Be3 Nc3 21. Rd6 Ne2+ 22. Kh2 Rae8 23. Re1 Nc3 24. Bd4 Nd5 25. Rxc6 bxa4 26. bxa4 Rd8 27. Bc5 Rfe8 28. Rd6 Rxd6 29. Bxd6 f6 30. Kg3 g5 31. Kg4 Nc3 32. Kf5 fxe5 33. Rxe5 Rxe5+ 34. Bxe5 Nxa4 35. Kxg5 Nc5 36. f4 a4 37. Kf6 Ne4+ 38. Ke7 a3 39. f5 a2 40. f6 Ng5 41. h4 Nf7 42. g4 Nxe5 43. h5 a1Q 44. g5 Qa7+ 45. Ke6 Nd7 46. f7+ Kf8 47. g6 Nc5+ 48. Kd6 Qb6+ 49. Ke5 Qe6+ 50. Kd4 Qd6+ 51. Kc4 Na6 52. Kb5 hxg6 53. h6 Nc7+ 54. Kc4 Qd5+ 55. Kc3 Qe4 56. h7 Nb5+ 57. Kb3 Qd4 58. Ka2 Qc3 59. Kb1 Na3+ 60. Ka2 Nc4 61. Kb1 Qb2# 0-1